Environment and Human Well-Being : A Practical Strategy /
Colección de informes que presentan estrategias para alcanzar los objetivos de reducción de la extrema pobreza en sus diversas facetas y promoción del desarrollo, adoptados en la Cumbre del Milenio de la ONU, celebrada en 2000, con vistas a ser cumplidos en el año 2015. Los reportes son resultado de...
Kaydedildi:
| Müşterek Yazar: | |
|---|---|
| Diğer Yazarlar: | , , , |
| Materyal Türü: | Kitap |
| Dil: | İngilizce |
| Baskı/Yayın Bilgisi: |
Londres, Inglaterra :
Earthscan,
2005, c2005
|
| Seri Bilgileri: | (UN Millennium Development Library)
|
| Konular: | |
| Etiketler: |
Etiket eklenmemiş, İlk siz ekleyin!
|
MARC
| LEADER | 00000nam^a2200000^a^4500 | ||
|---|---|---|---|
| 001 | 000184745 | ||
| 005 | 20250521000000.0 | ||
| 009 | 20260310102126.795 | ||
| 020 | |a 1-84407-228-2 | ||
| 037 | |a Acervo ITESO - Biblioteca | ||
| 041 | |a ING | ||
| 082 | |a 320. 9 |b ONU ODM 2005 V. 10 | ||
| 110 | |a ONU. |b Millennium Project | ||
| 240 | 1 | 1 | |a [Objetivos de Desarrollo del Milenio] |
| 240 | 1 | 1 | |a [ONU Millennium Project] |
| 245 | 1 | 0 | |a Environment and Human Well-Being : |b A Practical Strategy / |c ONU, Millenium Project ; coord. de D. Melnick, J. McNeely, Y.K. Navarro ; dir. y pról. de J.D. Sachs. |
| 264 | 4 | |a Londres, Inglaterra : |b Earthscan, |c 2005, c2005 | |
| 300 | |a XX, 139 p. | ||
| 336 | |a texto |b txt |2 rdacontenido | ||
| 337 | |a sin mediación |b n |2 rdamedio | ||
| 338 | |a volumen |b nc |2 rdasoporte | ||
| 440 | 1 | |a (UN Millennium Development Library) | |
| 520 | |a Colección de informes que presentan estrategias para alcanzar los objetivos de reducción de la extrema pobreza en sus diversas facetas y promoción del desarrollo, adoptados en la Cumbre del Milenio de la ONU, celebrada en 2000, con vistas a ser cumplidos en el año 2015. Los reportes son resultado de la tarea asignada por Kofi Annan, secretario general del organismo internacional, al Proyecto Milenio, que integra a más de 250 expertos de todo el mundo para ofrecer una respuesta interdisciplinaria a los desafíos planteados en la Cumbre. La colección está conformada por trece tomos centrados en temas cardinales, a los que se suman un volumen dedicado a la inversión en el desarrollo y una mirada panorámica al proyecto. El presente tomo reúne un diagnóstico de los problemas medioambientales del mundo a inicios del siglo XXI y la exposición de medidas, inversiones, cambios específicos y recomendaciones necesarias para alcanzar y asegurar la sustentabilidad ambiental en los planos nacional, regional y global. | ||
| 649 | |a XX | ||
| 650 | |a ONU - |x Informes | ||
| 650 | |a Objetivos de Desarrollo del Milenio - |x Informes - |x Tema Principal | ||
| 650 | |a Desarrollo Sustentable | ||
| 650 | |a Desarrollo Económico-Social | ||
| 650 | |a Conservación y Protección Ambiental | ||
| 650 | |a Economía Internacional - |x Historia - |y 2000-2009 | ||
| 650 | |a Economía Internacional - |x Historia - |y Siglo XXI | ||
| 650 | |a Política Internacional - |x Historia - |y 2000-2009 | ||
| 650 | |a Política Ambiental - |x Historia - |y Siglo XXI | ||
| 650 | |a Política Ambiental - |x Historia - |y 2000-2009 | ||
| 650 | |a Política Internacional - |x Historia - |y Siglo XXI | ||
| 700 | |a Melnick, Don |e (coordinación) | ||
| 700 | |a McNeely, Jeffrey |e (coordinación) | ||
| 700 | |a Navarro, Yolanda Kakabadse |e (coordinación) | ||
| 700 | |a Sachs, Jeffrey D. |e (dirección) | ||
| 910 | |a Fondo General | ||
| 920 | |a Impresos - Libros | ||
| 930 | |a Colección General | ||
| 905 | |a 101 | ||
| 901 | |a 0500125729 |b IT1 |c ACC |u 20250521 | ||
| 902 | |a https://opac.biblio.iteso.mx/vufind/Record/000184745 | ||